| 000 | 02071cam a22004454i 4500 | ||
|---|---|---|---|
| 003 | PE-LiUPU | ||
| 005 | 20250731172826.0 | ||
| 008 | 150617s r 000 0 d | ||
| 035 | _a(Sirsi) a15104 | ||
| 040 |
_aPE-LiUPU _bspa _cPE-LiUPU _erda |
||
| 049 | _aPRUA | ||
| 082 | 0 | 4 |
_a270 _bL22 _221 |
| 100 | 1 |
_aLanfrey, P., _eautor. |
|
| 245 | 1 | 0 |
_aHistoria política de los papas / _cP. Lanfrey. |
| 264 | 1 |
_aValencia : _bF. Sempere y Companía, _c[194 ]. |
|
| 300 |
_a373 páginas ; _c22 cm |
||
| 336 |
_atext _2rdacontent |
||
| 337 |
_aunmediated _2rdamedia |
||
| 338 |
_avolume _2rdacarrier |
||
| 505 | 0 | _aOrigen del papado y forma primera de su poder temporal. -Papel político de los papas en la época de la invasión de los bárbaros. -La donación de Pipino y el pacto de Carlomagno. -Primera guerra entre el papado y el imperio feudalismo episcopal. -Simultánea decadencia del papado y del imperio ante el feudalismo. -El papado contra el feudalismo episcopal. -San Gregori VII. -Fin de las guerra de las investiduras. -Eugenio III y Arnaldo de brescia. -Alejandro III y Federico Barbarroja. -Inocencio III. -Gregorio IX y Federico II-victoria del papado sobre el imperio. -Otros intentos del reino italiano combatidos por el papado- la teocracia del dinero. -El cisma de occidente (1395-1450). -El papado en decadencia. | |
| 526 | _aSEG42 | ||
| 526 | _aSEG41 | ||
| 526 | _aSEG40 | ||
| 526 | _aSEG39 | ||
| 526 | _aP94 | ||
| 526 | _aP87 | ||
| 526 | _aP86 | ||
| 526 | _aP85 | ||
| 526 | _aP77 | ||
| 526 | _aP76 | ||
| 526 | _aP35 | ||
| 650 | 0 | 4 | _aIGLESIA - HISTORIA. |
| 910 |
_ajck _bjvq _cjck _d20150616 |
||
| 942 |
_2ddc _cBOOK |
||
| 949 |
_a270 L22 _wDEWEY _c1 _i11869 _lCCODEBUL1 _mBUL _p00.00 _r0 _sY _tBOOK _u2015-04-21 _xTEOLOGIA _PP35 _0COMPRA _o.STAFF. Colección General |
||
| 994 |
_aC0 _bPEPRU |
||
| 596 | _a1 | ||
| 999 |
_a270 L22 _wDEWEY _c5656 _i11869 _d5656 _e2018-5-16 _f2021-11-12 _g5 _lCCODEBUL1 _mBUL _n3 _q3 _r0 _sY _tBOOK _u2015-4-21 _xTEOLOGIA _PP35 _0COMPRA _o.STAFF. Colección General |
||
| 980 |
_81 _gALBERTO SANCHEZ Responsable de Automatización |
||